The challenge of global capitalism : (Record no. 546)

MARC details
000 -LEADER
fixed length control field 00755cam a2200205 4500
001 - CONTROL NUMBER
control field 748
005 - DATE AND TIME OF LATEST TRANSACTION
control field 20181127161952.0
010 ## - LIBRARY OF CONGRESS CONTROL NUMBER
LC control number 99044906
020 ## - INTERNATIONAL STANDARD BOOK NUMBER
International Standard Book Number 0691049351 (cl. : alk. paper)
100 1# - MAIN ENTRY--PERSONAL NAME
Personal name Gilpin, Robert.
245 14 - TITLE STATEMENT
Title The challenge of global capitalism :
Remainder of title the world economy in the 21st century /
Statement of responsibility, etc. Robert Gilpin ; with the assistance of Jean Millis Gilpin.
260 ## - PUBLICATION, DISTRIBUTION, ETC.
Place of publication, distribution, etc. Princeton, NJ :
Name of publisher, distributor, etc. Princeton University Press,
Date of publication, distribution, etc. c2000.
300 ## - PHYSICAL DESCRIPTION
Extent xii, 373 p. ;
Dimensions 24 cm.
504 ## - BIBLIOGRAPHY, ETC. NOTE
Bibliography, etc. note Includes bibliographical references (p. 365-370) and index.
650 #0 - SUBJECT ADDED ENTRY--TOPICAL TERM
Topical term or geographic name entry element International economic relations.
Topical term or geographic name entry element International relations.
Topical term or geographic name entry element International trade.
Topical term or geographic name entry element Structural adjustment (Economic policy)
700 1# - ADDED ENTRY--PERSONAL NAME
Personal name Gilpin, Jean M.
Holdings
Withdrawn status Lost status Source of classification or shelving scheme Damaged status Not for loan Collection code Home library Current library Shelving location Serial Enumeration / chronology Inventory number Total Checkouts Full call number Barcode Date last seen Price effective from Koha item type
    Dewey Decimal Classification     Main TEST RTC Library RTC Library Main opac 1006   330.122 GIL 30000630 27/11/2018 27/11/2018 Main
Royal Thimphu College || All Right Reserved